00824cam a22002537a 4500020001800000020001500018041000800033082001300041100002600054245004700080260002700127300001900154490003700173500002200210650001900232650001900251650002500270650003100295650000800326942000700334952010600341952010600447999001700553 a9780281062393 a0281062390 aENG a200bBYA1 aByamugisha, Gideon B.10aChurch communities confronting HIV & AIDS  aLondon :bSPCK,c2010. axvii, 110 p. ;1 aSPCK international study guide ; aIncludes indexes. 0aAIDS (Disease) 0aAIDS (Disease) 0aHIV-positive persons 0aChurch and social problems 0aSex cBK 00104070aHMIbHMIcGENd2020-06-09eISPCKg75.00l0o200 BYAp11004366r2026-01-16w2026-01-16yBK 00104070aHMIbHMIcGENd2020-06-09eISPCKg75.00l0o200 BYAp11004367r2026-01-16w2026-01-16yBK c22944d22944